000 00481nab a2200145Ia 4500
003 ES-SlBCS
005 20210601145438.0
008 140529s1952 xxu||||| |||| 00| 0 spa d
041 _aspa
100 1 _aOrmaechea, José Luis de
_9312052
245 0 0 _aPsicoterapia Kretschmeriana
_c José Luis de Ormaechea
650 0 4 _aPsicoterapia Kretschmeriana
_9312577
773 0 _tRevista de Psicologia General y Aplicada
_gvol. 7, nº. 22-23-24, 1952, págs. 261-270
_wRev1347
942 _cAR
999 _c724462
_d724462